00875 a2200205 4500010001400000020001100014035001300025037001600038082001400054090001500068100002100083245014100104260006000245270012600305300003500431500002100466942002900487999001500516952013800531 aENG-88546 c270.00 aEN-72079 bDBAD / PUB00a362.11068 c8867d88671 aFinch, Cedric B.10aA practical guide to hospital planning and management/cby Cedric B. Finch, D.K. Sharma [and] R.C. Goyal; illustrated by Brajagopal Paul aNew DelhibVoluntary Health Association of Indiac1999 aB-40, Qutab Institutional Area,bNew Delhie110 016k26518071, 26518072, 51688152, 51688153l011-26853708mvhai@vsnl.com ax, 234p. :bill. ;c24cm (pbk) aIncludes index adplcENk362.11068 / FIN c8706d8706 00102ddc40718NFICaDBADbDBADeDBAD/PUBg270.00l0o362.11068 FINpEN-72079r2008-09-15 00:00:00t1u9649v270.00w2008-09-15yEN